| 000 | 00855nam a22002297a 4500 | ||
|---|---|---|---|
| 008 | 090306t xxu||||| |||| 00| p eng d | ||
| 010 | _aENG-93130 | ||
| 020 | _c95.00 | ||
| 035 | _aEN-76663 | ||
| 037 | _bDBAD / PUB | ||
| 040 |
_adpl _bEnglish |
||
| 082 | _a881 | ||
| 100 | _aSrinivasacharya, Darbhasyanam (1961-) | ||
| 245 |
_aGreen fingers and other poems / _cby Darbhasayanam Srinivasacharya; translated by D. Kesava Rao |
||
| 260 |
_aHyderabad _bTriveni Foundation _c2007 |
||
| 300 |
_a74p. _c20cm (pbk) |
||
| 500 | _aIncludes bibliographical references | ||
| 650 |
_aTelugu poetry _xTranslation into English. |
||
| 700 | _aRao, D. Kesava (1937-) | ||
| 942 |
_2ddc _cEN _mSRI _h881 |
||
| 999 |
_c24971 _d24971 |
||